Most Popular Songs in USA 11/29/2025 - Statistics

General Stats
  • This quiz has been taken 6 times
  • The average score is 7 of 15
Answer Stats
Rank Artist (Version) Answer Streams Radio Airplay Sales % Correct
8. Mariah Carey All I Want For Christmas Is You 15.9 Million 9.7 Million 1.5 Thousand
80%
2. HUNTR/X Golden 23.5 Million 60.1 Million 4 Thousand
80%
11. Wham! Last Christmas 14.5 Million 9.6 Million 0.7 Thousand
60%
3. Alex Warren Ordinary 18.6 Million 67.5 Million 3 Thousand
60%
13. Brenda Lee Rockin' Around The Christmas Tree 13.9 Million 8.6 Million 0.7 Thousand
60%
1. Taylor Swift The Fate Of Ophelia 22.3 Million 62.7 Million 19 Thousand
60%
12. Sombr Back To Friends 10 Million 34 Million 0.8 Thousand
40%
10. Morgan Wallen I Got Better 12.3 Million 22.6 Million 0.8 Thousand
40%
14. Bobby Helms Jingle Bell Rock 13.5 Million 8.5 Million 0.4 Thousand
40%
5. Taylor Swift Opalite 14.9 Million 17 Million 3 Thousand
40%
15. Morgan Wallen, Tate McRae What I Want 11.9 Million 7.6 Million 0.5 Thousand
40%
7. Justin Bieber Daisies 6.7 Million 58.6 Million 0.7 Thousand
20%
9. Kehlani Folded 11.2 Million 35.4 Million 1 Thousand
20%
4. Olivia Dean Man I Need 17 Million 32 Million 3 Thousand
20%
6. Leon Thomas Mutt 6.6 Million 65.3 Million 0.4 Thousand
20%
No matching quizzes found
Score Distribution
Percent of People with Each Score
Percentile by Number Answered
Your Score History
You have not taken this quiz